| 000 | 00920nam a22002057a 4500 | ||
|---|---|---|---|
| 003 | OSt | ||
| 005 | 20181023074012.0 | ||
| 008 | 180226b xxu||||| |||| 00| 0 spa d | ||
| 040 | _cPJ | ||
| 100 |
_92047 _aPodetti, J. Ramiro |
||
| 245 | 1 | 0 |
_aTeoría y técnica del proceso civil / _cJ. Ramiro Podetti. |
| 260 |
_aBuenos Aires : _bEdiar, _c1963. |
||
| 300 |
_a421 p. _c23 cm. |
||
| 505 | _aContenido: El proceso civil -- El proceso civil en el derecho español antiguo -- El proceso civil moderno -- Nociones generales -- Principios procesales -- Órganos del proceso -- Elementos del proceso -- Desarrollo procesal -- Técnica del proceso civil -- Trilogía estructural de la ciencia del proceso civil. | ||
| 650 | 0 |
_91148 _aDERECHO PROCESAL CIVIL |
|
| 650 | 0 |
_91953 _aPROCEDIMIENTO CIVIL |
|
| 650 | 0 |
_92401 _aPROCESO JUDICIAL |
|
| 650 | 0 |
_92120 _aPRINCIPIOS PROCESALES |
|
| 942 |
_2udc _cLIB _h347.91/.95 _iPOD |
||
| 999 |
_c1702 _d1702 |
||